000 01064njm a22002417a 4500
005 2010091009089.0
007 sd ammalaaahaa
008 100830t xxu||||| |||| 00| 0 hin d
028 _aESS.73
_bGramophon co.
035 _aGR-01866
040 _aSED/VEN
100 _917458
_aPeanuts
245 _aStateside 45/
_h[Sound recording] :
_cby Connie Francis
246 _aStatesid ४५ /
260 _aDum Dum, India
_bMGM
_c1968
300 _a1 Sound disc [Gramophone Record] :
_banalog, 33 1/3 rpm
_c7 in (LP)
_fGramophone Records
500 _aBrief record
505 _aपार्ट १ टोनी कन्नी एंड थे संड्स (पेअनुत्स )Part 1 Tony Kenny and the Sands ) पार्ट २ युम्मी युम्मी युम्मी (पानुट्स ) Part 2 Yummy yummy yummy (peanuts)
650 _aOrchestra
_91186
_zIndia
_xExcerpts
700 _917459
_b
942 _2ddc
_cGR
999 _c45059
_d45059